00889 a2200181 4500003000500000005001700005040000900022082001400031100003300045245004800078260003400126300001000160505036700170650002700537942002300564999001900587952010100606Nust20230406103430.0 cNust a954.1,HUS aHussain, Syed Shabbir921062 aLengthening Shadows /cSyed Shabbir Hussain aPakistanbMujahid Publication a215:p aPrologue (Page-1), Conceived and Won (Page-7), One Party Rule (Page-15), The Death Row (Page-23), Dark Shadows (Page-30), A Flashback (Page-42), Revolution or Restoration (Page-60), Tight rope Walk (Page-74), The Year 1965 (Page-85), After the War (Page-102), The Axe Falls (Page-115), Pandora box (Page-132), The Disowned Leader (Page-168), Epilogue (Page-177). aPakistan History97198 2ddccBKk954.1,HUS c187399d187399 00102ddc40708NFICaMCSbMCSd2016-12-12l0o954.1 HUSpMCS29568r2016-12-08w2016-12-12yBK